[Event "Cannes mT"]
[Site "Cannes"]
[Date "1996.??.??"]
[Round "5"]
[White "Relange, Eloi"]
[Black "Sosonko, Gennadi"]
[Result "1/2-1/2"]
[WhiteElo "2460"]
[BlackElo "2515"]

1.e4 c5 2.Nf3 d6 3.d4 cxd4 4.Nxd4 Nf6 5.Nc3 Nc6 6.Bg5 e6 7.Qd2 Be7 8.O-O-O Nxd4
9.Qxd4 O-O 10.f3 Bd7 11.Bc4 Bc6 12.h4 Qa5 13.Bb3 Rfd8 14.Kb1 b5 15.e5 dxe5
16.Qxe5 Qb6 17.Bf4 b4 18.Be3 Qb7 19.Na4 Bxa4  1/2-1/2

[Event "Cannes Martinez op"]
[Site "Cannes"]
[Date "1996.??.??"]
[Round "6"]
[White "Mrdja, Milan"]
[Black "Hohler, Peter"]
[Result "1-0"]
[WhiteElo "2455"]
[BlackElo "2245"]

1.e4 c5 2.Nf3 d6 3.d4 cxd4 4.Nxd4 Nf6 5.Nc3 Nc6 6.Bg5 e6 7.Qd2 Be7 8.O-O-O O-O
9.f4 Nxd4 10.Qxd4 Qa5 11.Kb1 Rd8 12.Bc4 Bd7 13.Bb3 Bc6 14.Rhe1 h6 15.Bh4 Qh5
16.Bxf6 Bxf6 17.Qe3 Qc5 18.Qh3 Bxc3 19.Qxc3 Qxc3 20.bxc3 Kf8 21.h4 h5 22.Rd3 a5
23.a3 a4 24.Ba2 Rac8 25.Rg3 Bb5 26.Rg5 Bc4 27.Rxh5 Bxa2+ 28.Kxa2 Rxc3 29.Kb2 Rdc8
30.Rh8+ Ke7 31.Rxc8 Rxc8 32.c3 Rh8 33.g3 Kd7 34.Kc2 Kc6 35.Kd3 g6 36.Kd4 Re8
37.e5 Rd8 38.g4 Rh8 39.Rh1 Kc7 40.c4 Kc6 41.h5 gxh5 42.Rxh5 Rg8 43.g5 b6
44.Rh7 Rf8 45.Rg7 Rh8 46.Rxf7 Rh3 47.Re7 dxe5+ 48.Kxe5 Rxa3 49.Rxe6+ Kc5
50.g6 Rg3 51.Kf6 a3 52.f5 a2 53.Re1 Kxc4 54.Kg7 Ra3 55.f6 a1=Q 56.Rxa1 Rxa1
57.f7  1-0

[Event "Cannes mT"]
[Site "Cannes"]
[Date "1996.??.??"]
[Round "7"]
[White "Lepelletier, Benoit"]
[Black "Mednis, Edmar John"]
[Result "1-0"]
[WhiteElo "2470"]
[BlackElo "2405"]

1.e4 c5 2.Nf3 Nc6 3.d4 cxd4 4.Nxd4 Nf6 5.Nc3 d6 6.Bg5 e6 7.Qd2 a6 8.O-O-O Bd7
9.f4 b5 10.Bxf6 gxf6 11.Kb1 Qb6 12.Nce2 Rc8 13.f5 Nxd4 14.Nxd4 e5 15.Ne2 b4
16.Ng3 Rg8 17.Be2 a5 18.Bf3 a4 19.Rc1 Qc5 20.c3 Rb8 21.Ne2 b3 22.a3 Bc6 23.c4 Be7
24.Nc3 Kd7 25.Nd5 Rbc8 26.Bh5 Rgf8 27.Qd3 Bxd5 28.cxd5 Qb6 29.Rc4 Rxc4 30.Qxc4 Ra8
31.Bxf7 Bd8 32.Be6+ Ke7 33.Qe2 Ra7 34.Qg4  1-0

[Event "Cannes Martinez op"]
[Site "Cannes"]
[Date "1996.??.??"]
[Round "9"]
[White "Payen, Arnaud"]
[Black "Azariants, Evgeni"]
[Result "1-0"]
[WhiteElo "2280"]
[BlackElo "2180"]

1.e4 c5 2.Nf3 Nc6 3.d4 cxd4 4.Nxd4 Nf6 5.Nc3 d6 6.Bg5 e6 7.Qd2 a6 8.O-O-O h6
9.Bf4 Bd7 10.Bg3 b5 11.Bxd6 Bxd6 12.Nxc6 Bxc6 13.Qxd6 Qxd6 14.Rxd6 Bxe4 15.Nxe4 Nxe4
16.Rxa6 Ke7 17.Bxb5 Nd6 18.Rxa8 Rxa8 19.Bd3 Rxa2 20.Kb1 Ra7 21.b4 Rb7 22.c3 f5
23.Kb2 e5 24.Kb3 e4 25.Be2 Nf7 26.Rd1 Ne5 27.c4 Rd7 28.Rxd7+ Kxd7 29.Kc3 Kd6
30.c5+ Kd5 31.f4 exf3 32.Bxf3+ Nxf3 33.gxf3 g5 34.Kd3 h5 35.Ke3 h4 36.Kf2 Kc6
37.h3 Kd5 38.f4 g4 39.hxg4 fxg4 40.f5 Ke5 41.c6  1-0

[Event "Cannes mT"]
[Site "Cannes"]
[Date "1996.??.??"]
[Round "9"]
[White "Fontaine, Robert"]
[Black "Sosonko, Gennadi"]
[Result "0-1"]
[WhiteElo "2300"]
[BlackElo "2515"]

1.e4 c5 2.Nf3 d6 3.d4 cxd4 4.Nxd4 Nf6 5.Nc3 Nc6 6.Bg5 e6 7.Qd2 Be7 8.O-O-O Nxd4
9.Qxd4 O-O 10.f4 h6 11.Bh4 Qa5 12.Bc4 e5 13.fxe5 dxe5 14.Qd3 Bg4 15.Bxf6 Bxf6
16.Rdf1 Rac8 17.Bb3 Be6 18.Kb1 Qc5 19.Qg3 Bg5 20.Rd1 b5 21.Qd3 Bc4 22.Bxc4 bxc4
23.Qd5 Qf2 24.g3 Rfd8 25.Rdf1 Rxd5 26.Rxf2 Rd4 27.Re2 h5 28.Rf1 Rcd8 29.b3 g6
30.Kb2 Kg7 31.Ref2 Rd2 32.Rf3 h4 33.Nd5 cxb3 34.axb3 f5 35.Nc3 f4 36.g4 R2d4
37.h3 Be7 38.Nd5 Bc5 39.Re1 Rd2 40.b4 Bf2 41.Ra1 Bd4+ 42.Nc3 Rc8 43.Kb3 Rg2
44.Raf1 Kh6 45.b5 Kg5 46.Kb4 Bxc3+ 47.Rxc3 Rxc2 48.Rxc8 Rxc8 49.Ka5 Rc3 50.Ka6 Ra3+
51.Kb7 f3 52.Rd1 f2 53.Rf1 Ra2 54.b6 axb6 55.Kxb6  0-1

[Event "Cappelle op"]
[Site "Cappelle la Grande "]
[Date "1996.??.??"]
[Round "1"]
[White "Tseshkovsky, Vitaly"]
[Black "Silva, Fernando"]
[Result "1-0"]
[WhiteElo "2540"]
[BlackElo "2365"]

1.e4 c5 2.Nf3 d6 3.d4 cxd4 4.Nxd4 Nf6 5.Nc3 Nc6 6.Bg5 Bd7 7.f3 Qa5 8.h4 Nxd4
9.Qxd4 Rc8 10.O-O-O e6 11.Kb1 Be7 12.Qd2 a6 13.g4 Qc7 14.Bf4 e5 15.g5 exf4
16.gxf6 Bxf6 17.Nd5 Qd8 18.Qxf4 Be5 19.Qe3 O-O 20.f4 Bf6 21.e5 dxe5 22.fxe5 Re8
23.Nxf6+ Qxf6 24.exf6 Rxe3 25.Rg1 g6 26.Bxa6 bxa6 27.Rxd7 Re6 28.Rf1 h5 29.Rd4 Rcc6
30.Rdf4 Re2 31.c4 a5 32.b3 a4 33.R1f2 Re3 34.b4 Rd6 35.c5 Rd1+ 36.Kc2 Ra1
37.c6 Rxa2+ 38.Kb1 Raa3 39.c7 Rec3 40.Rc2 Rab3+ 41.Kc1 a3  1-0

[Event "Cappelle op"]
[Site "Cappelle la Grande "]
[Date "1996.??.??"]
[Round "2"]
[White "Socko, Bartosz"]
[Black "Stefansson, Hannes"]
[Result "0-1"]
[WhiteElo "2455"]
[BlackElo "2540"]

1.e4 c5 2.Nf3 d6 3.d4 cxd4 4.Nxd4 Nf6 5.Nc3 Nc6 6.Bg5 e6 7.Qd2 a6 8.O-O-O h6
9.Be3 Qc7 10.f3 Rb8 11.g4 Ne5 12.g5 hxg5 13.Bxg5 b5 14.Bd3 Nxd3+ 15.Qxd3 b4
16.Nce2 Nd7 17.Kb1 Ne5 18.Qb3 Nc4 19.Ka1 a5 20.Bc1 e5 21.Nf5 Ba6 22.c3 g6
23.Nfg3 Be7 24.cxb4 axb4 25.Qc2 b3 26.axb3 Qa7 27.Kb1 Na5 28.Nc3 O-O 29.Nd5 Rfc8
30.Be3 Qb7 31.Qg2 Qxb3 32.Nxe7+ Kf8 33.Nxc8 Rxc8 34.Qd2 Nc4 35.Qd5  0-1

[Event "Cappelle op"]
[Site "Cappelle la Grande "]
[Date "1996.??.??"]
[Round "5"]
[White "Tseshkovsky, Vitaly"]
[Black "Dunnington, Angus J"]
[Result "1/2-1/2"]
[WhiteElo "2540"]
[BlackElo "2450"]

1.e4 c5 2.Nf3 d6 3.d4 cxd4 4.Nxd4 Nf6 5.Nc3 Nc6 6.Bg5 e6 7.Qd2 a6 8.O-O-O h6
9.Be3 Qc7 10.f4 Bd7 11.Kb1 b5 12.Bd3 Na5 13.e5 dxe5 14.fxe5 Qxe5 15.Rhe1 Be7
16.Nf5 exf5 17.Bb6 Qb8 18.Bxa5 Be6 19.Ne2 O-O 20.Nd4 Ne4 21.Bxe4 fxe4 22.Nxe6 fxe6
23.Qd7 Bf6 24.Qxe6+ Kh8 25.Qxe4 Qxh2 26.a3 Rac8 27.Qg6 Rc5 28.Re8 Rxe8 29.Qxe8+ Kh7
30.Qe4+ Kh8 31.Bc3 Qh4 32.Qxh4 Bxh4 33.Rd6 Kh7 34.Rxa6 Rg5 35.a4 bxa4 36.Rxa4 Bg3
37.Re4 h5 38.Bd4 Bd6 39.Re2 Rg4 40.c3 h4 41.Be5 Bxe5 42.Rxe5 Rxg2 43.Rh5+ Kg6
44.Rxh4 Kf5 45.Rd4 g5 46.c4 g4 47.Rd1 Rh2 48.c5 Rh6 49.Kc2 g3 50.Kd2 g2 51.Rg1 Rg6
52.c6 Ke6  1/2-1/2

[Event "Cappelle op"]
[Site "Cappelle la Grande "]
[Date "1996.??.??"]
[Round "5"]
[White "Mrdja, Milan"]
[Black "Nevednichy, Vladislav"]
[Result "1-0"]
[WhiteElo "2450"]
[BlackElo "2505"]

1.e4 c5 2.Nf3 d6 3.d4 cxd4 4.Nxd4 Nf6 5.Nc3 Nc6 6.Bg5 e6 7.Qd2 a6 8.O-O-O h6
9.Be3 Qc7 10.f4 Bd7 11.h3 Na5 12.g4 b5 13.a3 Rc8 14.Kb1 Nc4 15.Bxc4 bxc4
16.g5 hxg5 17.fxg5 Nh5 18.g6 Rb8 19.gxf7+ Kxf7 20.Qf2+ Nf6 21.Ka2 Rh5 22.Qg3 Ra5
23.Bc1 Qb6 24.Rhg1 Rb7 25.Nf3 Ke8 26.e5 Nd5 27.Nxd5 exd5 28.Qg6+ Kd8 29.Qf7 Be7
30.Rxg7 Bxh3 31.Rg8+ Kd7 32.Qe8+  1-0

[Event "Castellar op"]
[Site "?"]
[Date "1996.??.??"]
[Round "?"]
[White "Santo Roman, Marc"]
[Black "Rivero, Carlos"]
[Result "0-1"]
[WhiteElo "2480"]
[BlackElo "2035"]

1.e4 c5 2.Nf3 Nc6 3.d4 cxd4 4.Nxd4 Nf6 5.Nc3 d6 6.Bg5 e6 7.Qd2 a6 8.O-O-O Be7
9.Nb3 Qc7 10.f4 Bd7 11.Be2 O-O-O 12.Bxf6 gxf6 13.Bh5 Be8 14.Kb1 Kb8 15.Qe3 Rc8
16.Rhf1 Rg8 17.Rd2 Na5 18.Nxa5 Qxa5 19.g4 Rc5 20.a3 Rc7 21.Rf3 Qc5 22.Qxc5 Rxc5
23.b4 Rc7 24.Kb2 Rd7 25.Rfd3 Rc7  0-1

[Event "Castellar op"]
[Site "?"]
[Date "1996.??.??"]
[Round "?"]
[White "Korneev, Oleg"]
[Black "Campos Moreno, Javier B"]
[Result "1-0"]
[WhiteElo "2590"]
[BlackElo "2475"]

1.e4 c5 2.Nf3 Nc6 3.d4 cxd4 4.Nxd4 Nf6 5.Nc3 d6 6.Bg5 e6 7.Qd2 a6 8.O-O-O h6
9.Be3 Be7 10.f3 Nxd4 11.Bxd4 b5 12.Kb1 b4 13.Na4 Rb8 14.Qf2 Qc7 15.Nb6 Bb7
16.Nc4 e5 17.Bb6 Qc6 18.Na5 Qc8 19.Ba7 Ba8 20.Bxb8 Qxb8 21.Nc4 d5 22.Qb6 O-O
23.Qxb8 Rxb8 24.exd5 Nxd5 25.Nxe5 Bd6 26.Nd7 Rc8 27.Nb6  1-0

[Event "Catalunya-chT"]
[Site "Catalunya"]
[Date "1996.??.??"]
[Round "?"]
[White "Rodriguez, Jose Manuel"]
[Black "Formanek, Edward W"]
[Result "1/2-1/2"]
[WhiteElo "2240"]
[BlackElo "2355"]

1.e4 c5 2.Nf3 Nc6 3.d4 cxd4 4.Nxd4 Nf6 5.Nc3 d6 6.Bg5 e6 7.Qd2 a6 8.O-O-O h6
9.Be3 Ng4 10.Nxc6 bxc6 11.Bf4 e5 12.Bg3 Be7 13.h3 Nf6 14.Be2 O-O 15.f4 Nd7
16.Bc4 Nb6 17.Bb3 a5 18.Na4 Nd7 19.Kb1 Qc7 20.Rhf1 Ba6 21.Rf3 Rab8 22.a3 Nb6
23.Nxb6 Qxb6 24.a4 Bf6 25.fxe5 Bxe5 26.Bxe5 dxe5 27.Qf2 Qc7 28.Rc3 Rb4 29.Qf5 Bc8
30.Qf2 Rxe4 31.Bd5 Rf4 32.Qc5 Bd7 33.b3 Rb8 34.Bxc6 Bxc6 35.Rd6 Rxa4 36.Rxc6 Qd8
37.Rd3 Rd4 38.Rxd4 Qxd4 39.Rc8+ Rxc8 40.Qxc8+ Kh7 41.Qf5+ Kg8 42.Qc8+  1/2-1/2

[Event "Celle Ligure op"]
[Site "Celle Ligure"]
[Date "1996.??.??"]
[Round "3"]
[White "Wurm, Christoph"]
[Black "Giuriati, Paolo"]
[Result "1-0"]
[WhiteElo "2035"]
[BlackElo "1915"]

1.e4 c5 2.Nf3 Nc6 3.d4 cxd4 4.Nxd4 Nf6 5.Nc3 d6 6.Bg5 e6 7.Be2 a6 8.Qd2 h6
9.Bh4 Nxe4 10.Bxd8 Nxd2 11.Nxc6 bxc6 12.Ba5 Rb8 13.b3 Nxb3 14.axb3 Be7 15.Na4 e5
16.Bd3 Be6 17.O-O f5 18.Nb2 e4 19.Bxa6 Bf6 20.Rfb1 Ke7 21.Ra4 d5 22.Bc7 Rbf8
23.Bb6 Kf7 24.Bb7 Bd7 25.Bc5 Re8 26.Ra7 Kg6 27.Ba6 Bc8 28.Bxc8 Rxc8 29.Na4 Be5
30.Nb6 Rce8 31.Nd7 Bc3 32.Ra6 f4 33.Rxc6+ Kh7 34.Nf8+ Rhxf8 35.Bxf8 d4 36.Rxc3  1-0

[Event "Copenhagen KS"]
[Site "Copenhagen"]
[Date "1996.??.??"]
[Round "2"]
[White "Borge, Nikolaj"]
[Black "Sher, Miron N"]
[Result "1-0"]
[WhiteElo "2455"]
[BlackElo "2475"]

1.e4 c5 2.Nf3 d6 3.d4 Nf6 4.Nc3 cxd4 5.Nxd4 Nc6 6.Bg5 e6 7.Qd2 a6 8.O-O-O h6
9.Be3 Be7 10.f3 Nxd4 11.Bxd4 b5 12.Kb1 e5 13.Be3 Be6 14.g4 Rc8 15.h4 Nd7
16.Nd5 Bxd5 17.Qxd5 Qc7 18.Qd3 Nc5 19.Qd2 Qb7 20.Bh3 Rd8 21.g5 h5 22.Bxc5 dxc5
23.Qh2 Qb8 24.g6 fxg6 25.Be6 Rd6 26.Bd5 Rf6 27.Rhg1 Bd6 28.Rg3 Kd7 29.Qg2 Qe8
30.Qd2 Kc8 31.a4 b4 32.b3 Rhf8 33.Qe2 Bc7 34.Bc4 Qc6 35.Rd3 Rd8 36.Bd5 Qb6
37.Qg2 Kb8 38.Ka2 Ka7 39.Qe2 Rf4 40.Qg2 Rf6 41.Rg5 Rd7 42.f4 c4 43.bxc4 Rxf4
44.Rxg6 Qc5 45.Kb3 Rxh4 46.Rc6 Rg4 47.Qxg4 Qxc6 48.Qh3 Rxd5 49.cxd5 Qc5 50.Qxh5 Kb6
51.Qg6+ Bd6 52.Qxg7 Qf2 53.Qg3 Qf1 54.Kb2 Ka5 55.Qf3  1-0

[Event "Copenhagen-ch"]
[Site "Copenhagen"]
[Date "1996.??.??"]
[Round "3"]
[White "Bjerring, Kai"]
[Black "Hamann, Svend"]
[Result "0-1"]
[WhiteElo "2365"]
[BlackElo "2380"]

1.e4 c5 2.Nf3 Nc6 3.d4 cxd4 4.Nxd4 Nf6 5.Nc3 d6 6.Bg5 Qb6 7.Nb3 e6 8.Bd3 Be7
9.Qe2 a6 10.Be3 Qc7 11.f4 b5 12.g4 Bb7 13.g5 Nd7 14.Rg1 Nb4 15.a3 Nxd3+ 16.cxd3 Nc5
17.Nd4 g6 18.Rc1 Qd7 19.b4 Na4 20.Nxa4 bxa4 21.h4 e5 22.Nf3 exf4 23.Bxf4 Rc8
24.Rxc8+ Qxc8 25.Qb2 O-O 26.h5 Qh3 27.h6 f6 28.Qg2 Qxg2 29.Rxg2 d5 30.Rc2 Bd8
31.Bc7 dxe4 32.Bxd8 Rxd8 33.Rc7 exf3 34.Rxb7 fxg5 35.Rg7+ Kf8 36.Rxh7 Rxd3
37.Ra7 Kg8 38.Rg7+ Kh8 39.Rxg6 Rxa3 40.Kf2 Kh7 41.Rxg5 Kxh6 42.Ra5 Kg6 43.Rxa6+ Kf5
44.Ra8 Ke4 45.b5 Kd5 46.Rc8 Rb3 47.b6 Rxb6 48.Ra8 Rb4 49.Kxf3 Kc4 50.Ke2 Kb3
51.Kd2 a3 52.Rc8 a2  0-1

[Event "Politiken Cup"]
[Site "Copenhagen"]
[Date "1996.??.??"]
[Round "8"]
[White "Furhoff, Johan"]
[Black "Jakobsen, Ole"]
[Result "1-0"]
[WhiteElo "2305"]
[BlackElo "2390"]

1.e4 c5 2.Nf3 Nc6 3.d4 cxd4 4.Nxd4 Nf6 5.Nc3 d6 6.Bg5 e6 7.Qd2 a6 8.O-O-O Qb6
9.f3 Qxd4 10.Qxd4 Nxd4 11.Rxd4 Be7 12.Bc4 b5 13.Bb3 Bb7 14.Bh4 Nh5 15.Bxe7 Kxe7
16.Rhd1 Rhd8 17.a4 Bc6 18.Re1 Nf6 19.Kd2 e5 20.Nd5+ Kf8 21.Nxf6 exd4 22.Nxh7+ Ke7
23.axb5 Bxb5 24.Ng5 Rh8 25.h3 Rhf8 26.f4 Rac8 27.Nf3 Bc4 28.Nxd4 Bxb3 29.Nxb3 Rb8
30.Ra1 Rb6 31.Nd4 Rc8 32.b3 g6 33.Kd3 Kd7 34.h4 Rh8 35.g3 Rh5 36.b4 Rxb4
37.Rxa6 Rb7 38.c4 Rc5 39.Nb5 Rc6 40.Ra8 Rcb6 41.Kd4 Rb8 42.Ra7+ R8b7 43.Ra2 Rc6
44.Ra8 Ke7 45.g4 Kf6 46.g5+ Kg7 47.f5 gxf5 48.exf5 Rcb6 49.f6+ Kg6 50.Rg8+ Kf5
51.Kd5 Rd7 52.h5  1-0

[Event "Politiken Cup"]
[Site "Copenhagen"]
[Date "1996.??.??"]
[Round "9"]
[White "Aagaard, Jacob"]
[Black "Gabrielsen, Stig"]
[Result "1-0"]
[WhiteElo "2290"]
[BlackElo "2175"]

1.e4 c5 2.Nf3 Nc6 3.d4 cxd4 4.Nxd4 Nf6 5.Nc3 d6 6.Bg5 e6 7.Qd2 a6 8.O-O-O h6
9.Be3 Be7 10.f3 Nxd4 11.Bxd4 e5 12.Be3 Be6 13.g4 Rc8 14.Kb1 Qc7 15.h4 b5
16.Bh3 Nd7 17.Nd5 Bxd5 18.exd5 Bxh4 19.g5 Bxg5 20.Bxg5 hxg5 21.Bf5 Rxh1 22.Rxh1 f6
23.Rh8+ Nf8 24.Qh2 Ke7 25.Rg8 Qc4 26.Rxg7+ Kd8 27.b3 Qxd5 28.Bxc8 Kxc8 29.a3 Nd7
30.Qh8+ Kc7 31.Qe8 Qc6 32.Rg8 Kb6 33.Qd8+ Qc7 34.Qe7 a5 35.Rd8 Kc6 36.Qe8 Qb7
37.c3 Qa7 38.Rc8+ Kb6 39.Qd8+  1-0

[Event "Politiken Cup"]
[Site "Copenhagen"]
[Date "1996.??.??"]
[Round "10"]
[White "Gabrielsen, Stig"]
[Black "Fernandez Siles, Luis"]
[Result "0-1"]
[WhiteElo "2175"]
[BlackElo "2270"]

1.e4 c5 2.Nf3 Nc6 3.d4 cxd4 4.Nxd4 Nf6 5.Nc3 d6 6.Bg5 e6 7.Qd2 a6 8.O-O-O h6
9.Be3 Nxd4 10.Bxd4 b5 11.f4 Bb7 12.Qe3 Be7 13.Bxf6 gxf6 14.f5 Qa5 15.Kb1 b4
16.Ne2 Qc5 17.Qb3 Bxe4 18.fxe6 fxe6 19.Nd4 e5 20.Ne6 Qc6 21.Bd3 Bxd3 22.Qxd3 Kf7
23.Nc7 Qxc7 24.Qd5+ Kg7 25.Rd3 Rhc8 26.Rg3+ Kh8 27.Rc1 Qc4 28.Qb7 Bf8 29.Rg6 Qc7
30.Qf3 Bg7 31.Qh5 a5 32.g4 a4 33.h4 a3 34.g5 axb2 35.Kxb2 Qc3+ 36.Kb1 Rxa2
37.Rxh6+ Kg8  0-1

[Event "CZE-chT 9596"]
[Site "?"]
[Date "1996.??.??"]
[Round "1"]
[White "Hracek, Zbynek"]
[Black "Trapl, Jindrich"]
[Result "1-0"]
[WhiteElo "2650"]
[BlackElo "2355"]

1.e4 c5 2.Nf3 Nc6 3.d4 cxd4 4.Nxd4 Nf6 5.Nc3 d6 6.Bg5 e6 7.Qd2 Be7 8.O-O-O O-O
9.f4 h6 10.h4 Nxd4 11.Qxd4 Qa5 12.Kb1 e5 13.Qd3 exf4 14.Bxf4 Bg4 15.Be2 Qh5
16.Bxg4 Qxg4 17.Qf3 Qe6 18.Rhe1 Rfd8 19.Nb5 Ne8 20.Nd4 Qc4 21.Nf5 Bf6 22.g4 Rac8
23.c3 Qb5 24.Qe2 Rc5 25.Qxb5 Rxb5 26.a4 Rb6 27.Kc2 Rc8 28.g5 Bd8 29.Bxd6 Nxd6
30.Nxd6 Rb8 31.gxh6 Bxh4 32.Rh1 g5 33.Nf5 Kh7 34.Rd7 Rf8 35.a5 Re6 36.Kd3 Bf2
37.Rf1 Bc5 38.b4  1-0

[Event "CZE-chT 9596"]
[Site "?"]
[Date "1996.??.??"]
[Round "2"]
[White "Prandstetter, Eduard"]
[Black "Pisk, Petr"]
[Result "0-1"]
[WhiteElo "2380"]
[BlackElo "2295"]

1.e4 c5 2.Nf3 d6 3.d4 cxd4 4.Nxd4 Nf6 5.Nc3 Nc6 6.Bg5 e6 7.Qd2 a6 8.O-O-O h6
9.Bf4 Bd7 10.Nxc6 Bxc6 11.Qe1 Qa5 12.Kb1 Rd8 13.f3 b5 14.Bd3 b4 15.Ne2 Qb6
16.g4 d5 17.e5 Nd7 18.g5 hxg5 19.Bxg5 Rc8 20.Qg3 Bb5 21.f4 Bxd3 22.cxd3 b3
23.a3 Rc2 24.Rc1 Nc5 25.Nc3 d4 26.Ne4 Na4 27.Ka1 Bxa3 28.f5 Bxb2+ 29.Kb1 Bxc1
30.Bxc1 Nc3+ 31.Nxc3 dxc3 32.Qxg7 Rb2+ 33.Bxb2 c2+  0-1

[Event "CZE-chT 9596"]
[Site "?"]
[Date "1996.??.??"]
[Round "11"]
[White "Votava, Jan"]
[Black "Pisk, Petr"]
[Result "1-0"]
[WhiteElo "2540"]
[BlackElo "2295"]

1.e4 c5 2.Nf3 d6 3.d4 cxd4 4.Nxd4 Nf6 5.Nc3 Nc6 6.Bg5 e6 7.Qd2 a6 8.O-O-O h6
9.Be3 Nxd4 10.Bxd4 b5 11.f3 Be7 12.Qf2 O-O 13.g4 Qe8 14.a3 Rb8 15.h4 a5 16.e5 dxe5
17.Bxe5 Rb7 18.g5 Nh5 19.Ne4 Qc6 20.Rg1 g6 21.Bd3 b4 22.axb4 Rxb4 23.Bc3 Qa4
24.Kb1 Bb7 25.Nc5 Bxc5 26.Qxc5 Rc8 27.Qe5 Rxc3 28.Qxc3 Bd5 29.gxh6 Rxh4 30.b3 Qa3
31.Rg5 Qf8 32.Rdg1 Nf4 33.Qf6 Qxh6 34.Bxg6  1-0

[Event "CZE-chT2c 9596"]
[Site "CZE"]
[Date "1996.??.??"]
[Round "3"]
[White "Markovic, Ivan2"]
[Black "Sleich, Jan"]
[Result "0-1"]
[WhiteElo "2180"]
[BlackElo "2165"]

1.e4 c5 2.Nf3 d6 3.d4 Nf6 4.Nc3 cxd4 5.Nxd4 Nc6 6.Bg5 e6 7.Qd2 a6 8.O-O-O h6
9.Bf4 Bd7 10.Nxc6 Bxc6 11.f3 d5 12.exd5 Nxd5 13.Nxd5 Qxd5 14.Qxd5 Bxd5 15.Kb1 O-O-O
16.Bd3 Bd6 17.Bxd6 Rxd6 18.Be4 Rhd8 19.Bxd5 Rxd5 20.Rxd5 Rxd5 21.Kc1 Kc7
22.Rd1 Rh5 23.h3 Ra5 24.a3 h5 25.h4 Ra4 26.g3 e5 27.Rd5 f6 28.b3 Rd4 29.Rc5+ Kd7
30.Rc3 g5 31.hxg5 fxg5 32.Re3 Ke6 33.c3 Rd5 34.f4 gxf4 35.gxf4 Kf5 36.fxe5 Rxe5
37.Rd3 h4 38.c4 Re7 39.Kd2 Rh7 40.Ke3  0-1

[Event "CZE-chT2c 9596"]
[Site "CZE"]
[Date "1996.??.??"]
[Round "8"]
[White "Firt, Stanislav"]
[Black "Cvek, Robert"]
[Result "0-1"]
[WhiteElo "2390"]
[BlackElo "2285"]

1.e4 c5 2.Nf3 d6 3.d4 cxd4 4.Nxd4 Nf6 5.Nc3 Nc6 6.Bg5 e6 7.Qd2 a6 8.O-O-O h6
9.Be3 Be7 10.f4 Nxd4 11.Bxd4 b5 12.Bd3 Bb7 13.Qe3 Qd7 14.h3 b4 15.Bxf6 Bxf6
16.Ne2 Qc7 17.g4 Qc5 18.Qg3 a5 19.h4 g5 20.hxg5 hxg5 21.Rxh8+ Bxh8 22.Rh1 Ke7
23.Rh5 Bf6 24.e5 dxe5 25.fxg5 Bg7 26.g6 fxg6 27.Bxg6 Ba6 28.Bd3 Bxd3 29.Qxd3 Rd8
30.Qg3 Qd5 31.Kb1 Qd1+ 32.Nc1 Rd2 33.Qb3 Re2 34.Qd3 Re1 35.Qxd1 Rxd1 36.c3 bxc3
37.bxc3 Rg1 38.Kc2 Rxg4 39.Nd3 Rg2+ 40.Kb3 e4 41.Nc5 e3 42.Rh3 e2 43.Nd3 Be5
44.Re3 Bg3 45.a4 Kd6 46.Re4 Rh2 47.Re3 Bh4 48.Kc4 Bg5 49.Rg3 Bd2 50.Rg1 Rh4+  0-1

[Event "Dallas Pinfork op"]
[Site "Dallas"]
[Date "1996.??.??"]
[Round "?"]
[White "Chow, Albert"]
[Black "Gurevich, Dmitry"]
[Result "1/2-1/2"]
[WhiteElo "2300"]
[BlackElo "2535"]

1.e4 c5 2.Nf3 d6 3.d4 Nf6 4.Nc3 cxd4 5.Nxd4 Nc6 6.Bg5 e6 7.Qd2 Be7 8.O-O-O O-O
9.f4 h6 10.Bh4 e5 11.Nf5 Bxf5 12.exf5 exf4 13.Kb1 d5 14.Bxf6 Bxf6 15.Nxd5 Be5
16.g3 fxg3 17.hxg3 Nd4 18.Qg2 Qd6 19.Bd3 Rad8 20.Be4 Rfe8 21.g4 f6 22.c3 Nb5
23.Bc2  1/2-1/2

[Event "Decin op"]
[Site "Decin"]
[Date "1996.??.??"]
[Round "5"]
[White "Cherevatenko, Roman"]
[Black "Gross, Stefan"]
[Result "1/2-1/2"]
[WhiteElo "2415"]
[BlackElo "2330"]

1.e4 c5 2.Nf3 d6 3.d4 cxd4 4.Nxd4 Nf6 5.Nc3 Nc6 6.Bg5 Qb6 7.Nb3 e6 8.Bf4 Ne5
9.Be3 Qc7 10.f4 Nc6 11.g4 a6 12.g5 Nd7 13.Bg2 b5 14.O-O Be7 15.Ne2 Nb6 16.Nd2 h6
17.h4 hxg5 18.hxg5 g6 19.Qe1 d5 20.Qf2 Rb8 21.e5 Bd7 22.c3 Nc4 23.Nxc4 bxc4
24.b4  1/2-1/2

[Event "Decin op"]
[Site "Decin"]
[Date "1996.??.??"]
[Round "9"]
[White "Tomescu, Vlad"]
[Black "Obodchuk, Andrei"]
[Result "1-0"]
[WhiteElo "2380"]
[BlackElo "2430"]

1.e4 c5 2.Nf3 Nc6 3.d4 cxd4 4.Nxd4 Nf6 5.Nc3 d6 6.Bg5 Bd7 7.Be2 Qa5 8.Bxf6 gxf6
9.O-O Nxd4 10.Qxd4 Rc8 11.Kh1 Qc5 12.Qd2 f5 13.exf5 Qxf5 14.Bd3 Qa5 15.Rfe1 Rg8
16.Rad1 Kd8 17.Be4 Bc6 18.Bxc6 Rxc6 19.f4 Rg6 20.Qd3 Qc5 21.f5 Rh6 22.h3 Bg7
23.Nd5 Be5 24.c3 f6 25.Rd2 Rh4 26.Rxe5 fxe5 27.f6 Qc4 28.fxe7+ Ke8 29.Rf2 Rf4
30.Rxf4 exf4 31.Qf5  1-0

[Event "DEN-chT 9697"]
[Site "?"]
[Date "1996.??.??"]
[Round "1"]
[White "Danielsen, Henrik"]
[Black "Borge, Nikolaj"]
[Result "0-1"]
[WhiteElo "2495"]
[BlackElo "2455"]

1.e4 c5 2.Nf3 d6 3.d4 Nf6 4.Nc3 cxd4 5.Nxd4 Nc6 6.Bg5 e6 7.Qd2 a6 8.O-O-O Be7
9.Be2 O-O 10.f4 Qc7 11.Bxf6 gxf6 12.Rhf1 Kh8 13.Rf3 Nxd4 14.Qxd4 b5 15.a3 Qc5
16.g3 Qxd4 17.Rxd4 Bb7 18.Rfd3 e5 19.Rxd6 Bxd6 20.Rxd6 Kg7 21.Rb6 Rab8 22.fxe5 fxe5
23.Bg4 Rh8 24.Bf5 h5 25.Rd6 Rbd8 26.Rb6 Rb8 27.a4 Rh6 28.Rxh6 Kxh6 29.axb5 axb5
30.Nxb5 Bxe4 31.Bxe4 Rxb5 32.c3 Kg5 33.b4 Rb6 34.Bf3 h4 35.Be2 hxg3 36.hxg3 Kf5
37.b5 Ke4 38.g4 Kd5 39.Kd2 Rf6 40.Ke3 Rf4 41.Kd2 f6 42.Ke3 Re4+ 43.Kd2 Ra4
44.Bf3+ Kc5 45.Be2 Ra2+ 46.Ke3 Rb2 47.Bd3 Kd5 48.Be2 Rb3 49.Kd3 e4+ 50.Kd2 Rb2+
51.Ke3 Ke5 52.Bf1 Rc2 53.c4 Rc3+ 54.Kd2 Kd4 55.Be2 Ra3 56.Kd1 Ra1+ 57.Kc2 Ra2+
58.Kd1 Rb2 59.Bf1 Rb1+ 60.Ke2 Kxc4  0-1

[Event "DEN-chT9596"]
[Site "DEN"]
[Date "1996.??.??"]
[Round "4"]
[White "Larsen, Steen Skovlund"]
[Black "Olsen, Nils Linde"]
[Result "1/2-1/2"]
[WhiteElo "2330"]
[BlackElo "2285"]

1.e4 c5 2.Nf3 Nc6 3.d4 cxd4 4.Nxd4 Nf6 5.Nc3 d6 6.Bg5 e6 7.Bb5 Bd7 8.Bxc6 bxc6
9.Qf3 Be7 10.e5 Nd5 11.Ne4 Qa5+ 12.Bd2 Qc7 13.exd6 Bxd6 14.Nxd6+ Qxd6 15.O-O-O O-O
16.Nb3 c5 17.c4 Nb6 18.Bc3 Qc7 19.Qg3 Qxg3 20.hxg3 Bc6 21.Rhg1  1/2-1/2

[Event "Asia-ch"]
[Site "Dubai"]
[Date "1996.??.??"]
[Round "?"]
[White "Mohebbi, Jafar"]
[Black "Murugan, Krishnamoorthy"]
[Result "0-1"]
[WhiteElo "2215"]
[BlackElo "2410"]

1.e4 c5 2.Nf3 Nc6 3.d4 cxd4 4.Nxd4 Nf6 5.Nc3 d6 6.Bg5 e6 7.Qd2 a6 8.O-O-O h6
9.Bh4 Nxe4 10.Nxe4 Qxh4 11.Nxd6+ Bxd6 12.Nf3 Qf4 13.g3 Qxd2+ 14.Rxd2 Be7
15.Bg2 Bd7 16.Rhd1 O-O-O 17.h4 Kc7 18.Ne1 Bc8 19.Nd3 Bf6 20.f4 b6 21.Bxc6 Kxc6
22.Ne5+ Kc7 23.Nxf7 Rxd2 24.Rxd2 Rf8 25.Nd6 Rd8 26.Ne4 Rxd2 27.Nxd2 e5 28.Ne4 exf4
29.Nxf6 gxf6 30.gxf4 Kd6 31.Kd2 Be6 32.a3 Kd5 33.Ke3 Bf5 34.c3 Kc4  0-1

[Event "Asia-ch"]
[Site "Dubai"]
[Date "1996.??.??"]
[Round "?"]
[White "Kotsur, Pavel"]
[Black "Ginting, Nasib"]
[Result "1/2-1/2"]
[WhiteElo "2495"]
[BlackElo "2400"]

1.e4 c5 2.Nf3 d6 3.d4 cxd4 4.Nxd4 Nf6 5.Nc3 Nc6 6.Bg5 e6 7.Qd2 Be7 8.O-O-O O-O
9.f4 Nxd4 10.Qxd4 Qa5 11.Bc4 Bd7 12.e5 dxe5 13.fxe5 Bc6 14.Bd2 Nd7 15.Nd5 Qd8
16.Nxe7+ Qxe7 17.Rhe1 Rfd8 18.Qg4 Nf8 19.Bd3 Rxd3 20.cxd3 Qd7 21.Bb4 Qd5
22.Bxf8 Rxf8 23.Kb1 Qxg2 24.Qxg2 Bxg2 25.Re3 Bd5 26.Rc1 h6 27.Rc7 g5 28.Re1 g4
29.Rf1 Bf3 30.Rfc1 Kg7 31.R1c4 Kg6 32.Rf4 f5 33.exf6 Kg5 34.Ra4 Rxf6 35.Rxa7 Bc6
36.a4 Rf1+ 37.Ka2 Rf2 38.Raxb7 Bxb7 39.Rxb7 Rxh2 40.a5 Rc2 41.Rg7+ Kf5 42.a6 Rc6
43.a7 Ra6+ 44.Kb1  1/2-1/2

[Event "Nord Cup 2nd"]
[Site "Duesseldorf"]
[Date "1996.??.??"]
[Round "2"]
[White "De Gleria, Francesco"]
[Black "Savic, Robert"]
[Result "1-0"]
[WhiteElo "2270"]
[BlackElo "1985"]

1.e4 c5 2.Nf3 d6 3.d4 cxd4 4.Nxd4 Nf6 5.Nc3 Nc6 6.Bg5 e6 7.Qd2 a6 8.O-O-O h6
9.Be3 Bd7 10.f4 b5 11.Bd3 b4 12.Nce2 d5 13.e5 Ne4 14.Bxe4 dxe4 15.Ng3 Nxd4
16.Qxd4 Bc6 17.Nxe4 Qxd4 18.Rxd4 Bd5 19.Kb1 Be7 20.Rg1 h5 21.g3 O-O 22.c4 bxc3
23.Nxc3 Bc5 24.Nxd5 Bxd4 25.Ne7+ Kh7 26.Bxd4 Rfe8 27.Bc5 Rab8 28.Bd6 Rb7
29.Nc6 Rc8 30.Rc1 Rb6 31.Nd4 Rxc1+ 32.Kxc1 Kh6 33.h4 Kg6 34.b4 Rb7 35.a4 f6
36.Kc2 Kf7 37.Kc3 g5 38.hxg5 fxg5 39.fxg5  1-0

[Event "El Vendrell"]
[Site "El Vendrell"]
[Date "1996.??.??"]
[Round "?"]
[White "Romero Holmes, Alfonso"]
[Black "Cifuentes Parada, Roberto"]
[Result "1-0"]
[WhiteElo "2425"]
[BlackElo "2490"]

1.e4 c5 2.Nf3 Nc6 3.d4 cxd4 4.Nxd4 Nf6 5.Nc3 d6 6.Bg5 Bd7 7.Be2 Qa5 8.Bxf6 gxf6
9.O-O Rg8 10.Nd5 Bh3 11.Bf3 Ne5 12.Nf4 Bd7 13.Nd5 Bh3 14.Ne3 Bd7 15.Bh5 e6
16.f4 Nc6 17.f5 Ke7 18.c3 Ne5 19.Bxf7 Bh6 20.Bxg8 Bxe3+ 21.Kh1 Rxg8 22.fxe6 Bxe6
23.Nxe6 Kxe6 24.Qb3+ d5 25.exd5+ Kf7 26.d6+ Kg7 27.Qxb7+ Kh8 28.Qe7 Ng4 29.h3 Qg5
30.Qe4 Nf2+ 31.Rxf2 Bxf2 32.Rd1 Bb6 33.b4 Qh5 34.Rf1 Rg3 35.Qe6 Qg6 36.c4 Rxg2
37.Qc8+ Qg8 38.Qxg8+ Rxg8 39.c5 Rf8 40.Rc1 Kg7 41.cxb6 axb6 42.Rc7+ Kg6 43.a4 Re8
44.d7 Re1+ 45.Kg2 Rd1 46.a5  1-0